000 01126nam a2200253Ia 4500
001 fastinglongevity00johnrich
003 CaSfIA
005 20210118082755.0
007 cr||||
008 810508s1978 ctu 000 0 eng d
040 _aIHT
_cIHT
_dCaSfIA
035 _a(OCoLC)7403153
090 _aRM226.5
_b.J6x
100 1 _aJohnson, Charles W.
245 1 0 _aFasting, longevity, and immortality /
_h[electronic resource]
_cCharles W. Johnson.
260 _aHaddam, CT :
_bSurvival,
_c1978.
300 _aiv, 213 p. ;
_c21 cm.
650 0 _aFasting.
856 4 1 _uhttp://www.archive.org/details/fastinglongevity00johnrich
_zFree eBook from the Internet Archive
856 4 2 _uhttp://www.openlibrary.org/books/OL24206857M
_zAdditional information and access via Open Library
942 _cEB
506 _fНеобхідна авторизація на https://archive.org/ (створення облікового запису безкоштовно)
506 _fНеобхідна авторизація на https://openlibrary.org/ (створення облікового запису безкоштовно)
999 _c495673
_d495673